000
00321nam a22001337a 4500
008
170925b xxu||||| |||| 00| 0 eng d
020
_a
9780750705783
041
_a
eng
080
_a
37
100
_a
46
101
_a
EDU
245
_a
EVALUATING TEACHER QUALITY IN HIGHER EDUCATION
_c
AYLETT.R
942
_2
udc
_c
BK
999
_c
29527
_d
29527